000 00298nam a22001337a 4500
008 171222b xxu||||| |||| 00| 0 eng d
020 _a9780136032816`
041 _aeng
080 _25 ED
_a94
100 _a16
101 _aHIS
245 _aTHE AMERICAN JOURNEY
_cANDERSON.G
942 _2udc
_cBK
999 _c39315
_d39315